000 00977nam a2200241Ia 4500
003 IN-BaIIA
008 211028s9999 xx 000 0 eng d
020 _a0-7923-1782-3
040 _cIIA Library
080 _a082.2:52
_bIAU-S152
111 _aSymposium of the International Astronomical Union
_cBrazil
_d1991 July 15-19
_917695
245 0 _aChaos, resonance and collective dynamical phenomena in the solar system
_bproceedings of the 152nd symposium of the International Astronomical Union, held in Angra Dos Reis, Brazil, July 15-19, 1991
_cedited by S. Ferraz-Mello
260 _aDordrecht
_bKluwer Academic
_c1992
300 _axii, 416p.
490 _aIAU Symposium; no. 152
650 _aAstronomy and Astrophysics Thesaurus
650 _aChaos
_910923
650 _aPlanetary System
_9756
650 _aSolar System
700 _aFerraz-Mello, S ed.
_917696
710 _aInternational Astronomical Union
942 _cBK
999 _c10407
_d10407